Pokémon - Equipes des champions 4G (Diamant/Perle) - Statistiques

Statistiques générales
  • Ce quiz a été pris 1 104 fois
  • Le résultat moyen est 35 sur 52
Statistiques - réponses
Hint Réponse % Correct
Pierrick Racaillou
96%
Lucario
93%
Lucario
93%
Roserade
93%
Roserade
93%
Kranidos
91%
Onix
90%
Carchacrok
87%
Bastiodon
84%
Cynthia Spiritomb
84%
Magirêve
83%
Blizzaroi
82%
Steelix
82%
Steelix
82%
Tortipouss
82%
Luxray
81%
Machopeur
81%
Musteflott
81%
Lovis Léviator
79%
Simiabraz
79%
Ectoplasma
75%
Hippodocus
73%
Milobellus
72%
Flo Céribou
71%
Kiméra Grodrive
70%
Grodrive
70%
Maraiste
70%
Terry Maraiste
70%
Tanguy Raichu
70%
Archéodong
66%
Gladys Blizzi
66%
Adrien Galopa
66%
Apireine
63%
Drascore
61%
Mélina Méditikka
61%
Farfuret
59%
Tritosor
56%
Alakazam
54%
Charmina
53%
Charmina
53%
Barbicha
51%
Papinox
47%
Grolem
46%
Aaron Charmillon
45%
Lockpin
44%
Charles Archéomire
43%
Scarhino
42%
Lucio M.Mime
41%
Capidextre
28%
Girafarig
24%
Simularbre
24%
Octillery
10%
Aucun quiz correspondant
Distribution des résultats
% des personnes avec chaque résultat
Percentile par nombre de réponses
Votre historique - résultats
Vous n’avez pas pris ce quiz